ZKM Gdynia - 23 - Statystyki

Ogólne statystyki
  • Ten quiz został rozwiązany 25 razy
  • Średni wynik to 25 z 34
Statystyki odpowiedzi
Przystanek Ulica % Poprawnych
Plac Kaszubski Wójta Radtkego
93%
Kacze Buki Starochwaszczyńska
87%
Żwirki i Wigury Świętojańska
87%
Centrum Nauki Experyment Aleja Zwycięstwa
80%
Kameliowa Rdestowa
80%
Karwiny PKM Wielkopolska
80%
Myśliwska Chwaszczyńska
80%
Paprykowa Rdestowa
80%
Plac Górnośląski Wielkopolska
80%
Traugutta Świętojańska
80%
Źródło Marii Chwaszczyńska
80%
Anyżowa Nowowiczlińska
73%
Dąbrowa Centrum Rdestowa
73%
Harcerska Aleja Zwycięstwa
73%
Karwiny Nowowiczlińska Nowowiczlińska
73%
Leśna Polana Rdestowa
73%
Lidzka Wielkopolska
73%
Łowicka Wielkopolska
73%
Nałkowskiej Chwaszczyńska
73%
Olgierda Wielkopolska
73%
Plac Kaszubski - Świętojańska Świętojańska
73%
Racławicka Wielkopolska
73%
Rdestowa - Leśny Zakątek Rdestowa
73%
Redłowo SKM - Park technologiczny Aleja Zwycięstwa
73%
Skwer Kościuszki - InfoBox Świętojańska
73%
Szafranowa Rdestowa
73%
Wzgórze Św. Maksymiliana - Kapliczka Aleja Zwycięstwa
73%
Wzgórze Św. Maksymiliana SKM Władysława IV
73%
Zwycięstwa - Wielkopolska Aleja Zwycięstwa
73%
Gdynia Dworzec. Gł PKP Pl. Konstytucji
67%
Gdynia Dworzec. Gł PKP - Hala Wójta Radtkego
67%
Krzemowa Krzemowa
67%
Wybickiego Świętojańska
67%
Rdestowa - Kolonia Rdestowa
53%
Nie znaleziono quizów pasujących do podanych kryteriów
Rozkład punktacji
Procent ludzi z każdym wynikiem
Percentyl według liczby udzielonych odpowiedzi
Twoja historia wyników
Nie rozwiązałeś tego quizu